| 000 | 01090nam a2200229Ia 4500 | ||
|---|---|---|---|
| 003 | Ost | ||
| 005 | 20260507075747.0 | ||
| 008 | 260507s9999||||xx |||||||||||||| ||und|| | ||
| 020 | _a5307279977 | ||
| 040 | _cfsecg | ||
| 041 | _aara | ||
| 082 | _a330 | ||
| 100 |
_aصالح، أحمد محمد _eمؤلف |
||
| 245 | 0 |
_aالأنترنت والمعلومات بين الاغنياء والفقراء / _c أحمد محمد صالح |
|
| 260 |
_aالقاهرة: _bمركز البحوث العربية والإفريقية والتوثيق, _c2001 |
||
| 300 |
_a102 صفحة؛ _bإيضاحات ؛ _c24 سم |
||
| 520 | _aالأنترنت نجم العولمة- الفجوة الرقمية- الإنسان الأنترنتي وحرية التعبير عن القيم الإنسانية في تكنولوجيا المعلومات- مستقبل مصر في عصر العولمة- التجارة العربية الإلكترونية بين الواقع والمستقبل. | ||
| 653 | _aالأنترنت | ||
| 653 | _aالعولمة | ||
| 653 | _aالمعلومات | ||
| 942 | _cكتاب | ||
| 999 |
_c46195 _d46195 |
||